=LDR 00000nam 2200000 4500 =001 INLIS000000000054801 =005 20200225094159 =035 ##$$a 0010-0220000363 =007 ta =008 200225###########################0#ind## =020 ##$$a 978-602-318-341-8 =082 ##$$a 339 =084 ##$$a 339 Muh t =245 1#$$a Teori Ekonomi Makro /$c Muh Abdul Halim, S.E., M.Si =250 ##$$a Cet 3 =300 ##$$a 216 Halaman : $b Ilustrasi ; $c 24 Cm =650 #4$$a Makro Ekonomi =504 ##$$a Bibliografi: Halaman 199-200 =264 ##$$a Jakarta :$b Mitra Wacana Media,$c 2018 =336 ##$$a teks$2 rdacontent =337 ##$$a lain-lain$2 rdamedia =338 ##$$a lain-lain$2 rdacarrier =990 ##$$a 13631363 =990 ##$$a 13631363